000 00527nam a2200205Ia 4500
003 GCL
008 140319s9999 xx 000 0 eng d
040 _aGCL /
_cGCL
082 0 4 _a330
_bB.E
100 1 _aBAUNOL, WILLIAM J.
245 1 0 _aECONOMICS PRINCIPLES AND POLICY /
_cBAUNOL, WILLIAM J.
700 1 _aBLINDER, ALAN S.
260 _a[S.N] :
_bLIZ WIDDICOMBE ،
_c1994
300 _a999
650 0 4 _aCOMPELION
650 0 4 _aMACROECONOMICS
650 0 4 _aECONOMIC
650 0 4 _aSUPPLY AND DEMAND
942 _2ddc
_cBK
999 _c14684
_d14684